Closest Together Neighbours Quiz Stats

 Plays Quiz not verified by Sporcle

Challenge
Share
Tweet
Embed
Score 0/20 Timer 09:00
0 Plays Today
Distance (Miles) Countries % Correct
0Rome, Italy and Vatican City
97.5%
4.5Kinshasa, Democratic Republic of Congo and Brazzaville, Republic of Congo
43.2%
98.6Vaduz, Liechtenstein and Bern, Switzerland
39.6%
34.1Bratislava, Slovakia and Vienna, Austria
37.2%
72.8Ljubljana, Slovenia and Zagreb, Croatia
30.6%
44.0Jerusalem, Israel and Amman, Jordan
28.8%
97.6Podgorica, Montenegro and Pristina, Kosovo
23.9%
52.7Beirut, Lebanon and Damascus, Syria
23.2%
47.5Skopje, Macedonia and Pristina, Kosovo
23%
95.6Skopje, Macedonia and Tirana, Albania
20.5%
Distance (Miles) Countries % Correct
87.9Doha, Qatar and Manama, Bahrain
20.3%
82.3Podgorica, Montenegro and Tirana, Albania
18.3%
51.3Helsinki, Finland and Tallinn, Estonia
16.5%
92.1Mbabane, Swaziland and Maputo, Mozambique
11.7%
59.3Basseterre, Saint Kitt's and Nevis and Saint John's, Antigua and Barbuda
9.7%
60.8Castries, Saint Lucia and Kingstown, Saint Vincent and the Grenadines
9.2%
83.8Kingstown, Saint Vincent and the Grenadines and Saint George's, Grenada
7.7%
93.5Castries, Saint Lucia and Roseau, Dominica
7.2%
78.6Conakry, Guinea and Freetown, Sierra Leone
6.3%
97.7Port of Spain, Trinidad and Tobago and Saint George's, Grenada
6.3%

You're not logged in!

Compare scores with friends on all Sporcle quizzes.
OR
Log In

You Might Also Like...

Show Comments

Extras

Top Quizzes Today


Score Distribution

Your Account Isn't Verified!

In order to create a playlist on Sporcle, you need to verify the email address you used during registration. Go to your Sporcle Settings to finish the process.

Report this User

Report this user for behavior that violates our Community Guidelines.

Details: